Sau savāla, eka javāba. (Record no. 76313)

MARC details
000 -LEADER
fixed length control field 00540cam a22002171 4500
001 - CONTROL NUMBER
control field sa 67007041
003 - CONTROL NUMBER IDENTIFIER
control field DLC
005 - DATE AND TIME OF LATEST TRANSACTION
control field 20260227112412.0
008 - FIXED-LENGTH DATA ELEMENTS--GENERAL INFORMATION
fixed length control field 890505s1967 ii 000 0 hino
010 ## - LIBRARY OF CONGRESS CONTROL NUMBER
LC control number sa 67007041
035 ## - SYSTEM CONTROL NUMBER
System control number (OCoLC)19660475
040 ## - CATALOGING SOURCE
Original cataloging agency DLC
Transcribing agency WaU
Modifying agency DLC
042 ## - AUTHENTICATION CODE
Authentication code premarc
050 00 - LIBRARY OF CONGRESS CALL NUMBER
Classification number DS481.G3
Item number M3
100 1# - MAIN ENTRY--PERSONAL NAME
Personal name Machwe, Prabhakar Balvant,
Dates associated with a name 1917-
245 10 - TITLE STATEMENT
Title Sau savāla, eka javāba.
260 ## - PUBLICATION, DISTRIBUTION, ETC.
Date of publication, distribution, etc. [1967]
300 ## - PHYSICAL DESCRIPTION
Extent 125 p.
Dimensions 18 cm.
500 ## - GENERAL NOTE
General note In Hindi.
600 10 - SUBJECT ADDED ENTRY--PERSONAL NAME
Personal name Gandhi,
Titles and other words associated with a name Mahatma,
Dates associated with a name 1869-1948.

No items available.

Powered by Koha